000
00283 a2200109 4500
001
68578
040
_c
Anchieta - Itaigara
240
1
0
_a
Projeto Novos Baianos
_l
245
1
0
_a
Projeto Novos Baianos
650
4
_a
Documentários, mÃdia educacional, jornalismo e publicidade
942
_c
MX
999
_c
68578
_d
68578